LEADER 01359nam a2200361 i 4500 001 991000897559707536 005 20020507175441.0 008 940519s1984 gw ||| | fre 020 $a354012893X 035 $ab10772704-39ule_inst 035 $aLE01303998$9ExL 040 $aDip.to Matematica$beng 082 0 $a530.1$223 084 $aAMS 35D 084 $aAMS 35D05 084 $aAMS 35F25 084 $aAMS 35F30 084 $aAMS 35L60 084 $aAMS 76N 100 1 $aVeiga, H. Beirão da$0350188 245 10$aFluid dynamics :$blect. given at the 3rd 1982 session of the Centro Internazionale Matematico Estivo (C.I.M.E.), held at Varenna, Italy, August 22 - September 1, 1982 /$ced. H. Beirão da Veiga 260 $aBerlin ;$aNew York :$bSpringer,$c1984 300 $avi, 193 :$bill. ;$c24 cm 490 0 $aLecture notes in mathematics,$x0075-8434 ;$v1047 500 $aIncludes bibliographies 500 $a"Sponsored by the Consiglio Nazionale delle Ricerche"--P. [iii] 650 4$aFluid dynamics$xCongresses 907 $a.b10772704$b23-02-17$c28-06-02 912 $a991000897559707536 945 $aLE013 76N VEI11 (1984)$g1$i2013000123066$lle013$o-$pE0.00$q-$rl$s- $t0$u0$v0$w0$x0$y.i10871251$z28-06-02 996 $aFluid Dynamics$9383895 997 $aUNISALENTO 998 $ale013$b01-01-94$cm$da $e-$feng$ggw $h0$i1 LEADER 04461nam 22008415 450 001 9910798419603321 005 20230120125356.0 010 $a0-8232-6431-9 010 $a0-8232-6676-1 010 $a0-8232-6429-7 010 $a0-8232-6430-0 024 7 $a10.1515/9780823264308 035 $a(CKB)3710000000747351 035 $a(DE-B1597)555054 035 $a(DE-B1597)9780823264308 035 $a(OCoLC)917959022 035 $a(MiAaPQ)EBC3430734 035 $a(MiAaPQ)EBC4680912 035 $a(EXLCZ)993710000000747351 100 $a20200723h20152015 fg 101 0 $aeng 135 $aur||||||||||| 181 $ctxt$2rdacontent 182 $cc$2rdamedia 183 $acr$2rdacarrier 200 10$aIn Dante's Wake $eReading from Medieval to Modern in the Augustinian Tradition /$fJohn Freccero; Danielle Callegari, Melissa Swain 210 1$aNew York, NY : $cFordham University Press, $d[2015] 210 4$d©2015 215 $a1 online resource (286 p.) 327 $tFrontmatter -- $tContents -- $tList of Figures -- $tPreface -- $tAuthor?s Acknowledgments -- $tEditors? Acknowledgments -- $tShipwreck in the Prologue -- $tThe Portrait of Francesca: Inferno 5 -- $tEpitaph for Guido -- $tThe Eternal Image of the Father -- $tAllegory and Autobiography -- $tIn the Wake of the Argo on a Boundless Sea -- $tThe Fig Tree and the Laurel -- $tMedusa and the Madonna of Forlì -- $tDonne?s ?Valediction: Forbidding Mourning? -- $tZeno?s Last Cigarette -- $tNotes -- $tBibliography -- $tIndex 330 $aWaking to find himself shipwrecked on a strange shore before a dark wood, the pilgrim of the Divine Comedy realizes he must set his sights higher and guide his ship to a radically different port. Starting on the sand of that very shore with Dante, John Freccero begins retracing the famous voyage recounted by the poet nearly 700 years ago.Freccero follows pilgrim and poet through the Comedy and then beyond, inviting readers both uninitiated and accomplished to join him in navigating this complex medieval masterpiece and its influence on later literature. Perfectly impenetrable in its poetry and unabashedly ambitious in its content, the Divine Comedy is the cosmos collapsed on itself, heavy with dense matter and impossible to expand. Yet Dante?s great triumph is seen in the tiny, subtle fragments that make up the seamless whole, pieces that the poet painstakingly sewed together to form a work that insinuates itself into the reader and inspires the work of the next author. Freccero magnifies the most infinitesimal elements of that intricate construction to identify self-similar parts, revealing the full breadth of the great poem.Using this same technique, Freccero then turns to later giants of literature? Petrarch, Machiavelli, Donne, Joyce, and Svevo?demonstrating how these authors absorbed these smallest parts and reproduced Dante in their own work. In the process, he confronts questions of faith, friendship, gender, politics, poetry, and sexuality, so that traveling with Freccero, the reader will both cross unknown territory and reimagine familiar faces, swimming always in Dante?s wake. 606 $aAllegory 606 $aConsciousness 606 $aDante 606 $aNovel 606 $aTheology 606 $aconversion 606 $aepic 606 $amedieval 606 $apoetics 606 $apoetry 606 $aLITERARY CRITICISM / Medieval$2bisacsh 610 $aAllegory. 610 $aConsciousness. 610 $aDante. 610 $aNovel. 610 $aTheology. 610 $aconversion. 610 $aepic. 610 $amedieval. 610 $apoetics. 610 $apoetry. 615 4$aAllegory. 615 4$aConsciousness. 615 4$aDante. 615 4$aNovel. 615 4$aTheology. 615 4$aconversion. 615 4$aepic. 615 4$amedieval. 615 4$apoetics. 615 4$apoetry. 615 7$aLITERARY CRITICISM / Medieval. 676 $a851/.1 700 $aFreccero$b John, $4aut$4http://id.loc.gov/vocabulary/relators/aut$0200470 702 $aCallegari$b Danielle, $4edt$4http://id.loc.gov/vocabulary/relators/edt 702 $aSwain$b Melissa, $4edt$4http://id.loc.gov/vocabulary/relators/edt 801 0$bDE-B1597 801 1$bDE-B1597 906 $aBOOK 912 $a9910798419603321 996 $aIn Dante's Wake$93730159 997 $aUNINA LEADER 05323nam 2200661 a 450 001 9911018950003321 005 20251116153549.0 010 $a9786612342714 010 $a9781282342712 010 $a1282342711 010 $a9780470715703 010 $a0470715707 010 $a9780470715710 010 $a0470715715 035 $a(CKB)1000000000579506 035 $a(EBL)406479 035 $a(OCoLC)476225724 035 $a(SSID)ssj0000096893 035 $a(PQKBManifestationID)11120014 035 $a(PQKBTitleCode)TC0000096893 035 $a(PQKBWorkID)10083684 035 $a(PQKB)10087132 035 $a(MiAaPQ)EBC406479 035 $a(PPN)260420964 035 $a(Perlego)2750308 035 $a(EXLCZ)991000000000579506 100 $a20080905d2008 uy 0 101 0 $aeng 135 $aur|n|---||||| 181 $ctxt 182 $cc 183 $acr 200 10$aActive control of structures /$fAndre Preumont, Kazuto Seto 210 $aChichester, U.K. $cJohn Wiley$d2008 215 $a1 online resource (314 p.) 300 $aDescription based upon print version of record. 311 08$a9780470033937 311 08$a0470033932 320 $aIncludes bibliographical references and index. 327 $aActive Control of Structures; Contents; About the Authors; Preface; Acknowledgements; 1 Active Damping; 1.1 Introduction; 1.1.1 Why Suppress Vibrations?; 1.1.2 How can Vibrations be Reduced?; 1.2 Structural Control; 1.3 Plant Description; 1.3.1 Error Budget; 1.4 Equations of Structural Dynamics; 1.4.1 Equation of Motion Including Seismic Excitation; 1.4.2 Modal Coordinates; 1.4.3 Support Reaction, Dynamic Mass; 1.4.4 Dynamic Flexibility Matrix; 1.5 Collocated Control System; 1.5.1 Transmission Zeros and Constrained System; 1.5.2 Nearly Collocated Control System 327 $a1.5.3 Non-Collocated Control Systems1.6 Active Damping with Collocated System; 1.6.1 Lead Control; 1.6.2 Direct Velocity Feedback; 1.6.3 Positive Position Feedback; 1.6.4 Integral Force Feedback; 1.6.5 Duality between The Lead and IFF Controllers; 1.7 Decentralized Control with Collocated Pairs; 1.7.1 Cross-Talk; 1.7.2 Transmission Zeros (Case 1); 1.7.3 Transmission Zeros (Case 2); References; 2 Active Isolation; 2.1 Introduction; 2.2 Relaxation Isolator; 2.2.1 Electromagnetic Realization; 2.3 Sky-hook Damper; 2.4 Force Feedback; 2.5 Six-Axis Isolator; 2.5.1 Decentralized Control 327 $a2.5.2 Leg Design2.5.3 Model of the Isolator; 2.5.4 Six-Axis Transmissibility; 2.6 Vehicle Active Suspension; 2.6.1 Quarter-Car Model; 2.7 Semi-Active Suspension; 2.7.1 Semi-Active Devices; 2.7.2 Narrow-Band Disturbance; 2.7.3 Quarter-Car Semi-Active Suspension; References; 3 A Comparison of Passive, Active and Hybrid Control; 3.1 Introduction; 3.2 System Description; 3.3 The Dynamic Vibration Absorber; 3.3.1 Single-d.o.f. Oscillator; 3.3.2 Multiple-d.o.f. System; 3.3.3 Shear Frame Example; 3.4 Active Mass Damper; 3.5 Hybrid Control; 3.6 Shear Control; 3.7 Force Actuator, Displacement Sensor 327 $a3.7.1 Direct Velocity Feedback3.7.2 First-Order Positive Position Feedback; 3.7.3 Comparison of the DVF and the PPF; 3.8 Displacement Actuator, Force Sensor; 3.8.1 Comparison of the IFF and the DVF; References; 4 Vibration Control Methods and Devices; 4.1 Introduction; 4.2 Classification of Vibration Control Methods; 4.3 Construction of Active Dynamic Absorber; 4.4 Control Devices for Wind Excitation Control in Civil Structures; 4.5 Real Towers Using the Connected Control Method; 4.6 Application of Active Dynamic Absorber for Controlling Vibration of Single-d.o.f. Systems 327 $a4.6.1 Equations of Motion and State Equation4.6.2 Representation of a Non-Dimensional State Equation; 4.6.3 Control System Design; 4.6.4 Similarity Law between Dimensional and Non-dimensional System; 4.6.5 Analysis of Vibration Control Effect; 4.6.6 Experiment; 4.7 Remarks; References; 5 Reduced-Order Model for Structural Control; 5.1 Introduction; 5.2 Modeling of Distributed Structures; 5.2.1 Equation of Motion for Distributed Structures; 5.2.2 Conventional Modeling of Structures; 5.3 Spillover; 5.4 The Lumped Modeling Method; 5.4.1 A Key Idea for Deriving a Reduced-Order Model 327 $a5.4.2 Relationship Between Physical and Modal Coordinate Systems 330 $aWith Active Control of Structures, two global pioneers present the state-of-the-art in the theory, design and application of active vibration control. As the demand for high performance structural systems increases, so will the demand for information and innovation in structural vibration control; this book provides an effective treatise of the subject that will meet this requirement. The authors introduce active vibration control through the use of smart materials and structures, semi-active control devices and a variety of feedback options; they then discuss topics including methods a 606 $aStructural control (Engineering) 615 0$aStructural control (Engineering) 676 $a624.1/71 700 $aPreumont$b Andre?$0342077 701 $aSeto$b Kazuto$01842142 801 0$bMiAaPQ 801 1$bMiAaPQ 801 2$bMiAaPQ 906 $aBOOK 912 $a9911018950003321 996 $aActive control of structures$94422127 997 $aUNINA